Interactions on metal surfaces /
Guardado en:
| Autor Principal: | |
|---|---|
| Otros Autores: | |
| Formato: | Libro |
| Idioma: | English |
| Publicado: |
New York :
Springer-Verlag,
1975.
|
| Series: | Topics in applied physics ;
v. 4 |
| Materias: | |
| Etiquetas: |
Agregar Etiqueta
Sin Etiquetas, Sea el primero en etiquetar este registro!
|
| LEADER | 00925cam a22002655a 4500 | ||
|---|---|---|---|
| 001 | EIQ.libpla000597 | ||
| 008 | 750114s1975####nyua#####b####001#0#eng#d | ||
| 005 | 20060322193041.0 | ||
| 245 | 0 | 0 | |a Interactions on metal surfaces / |c edited by R. Gomer ; with contributions by E. Bauer ... [et al.]. |
| 260 | |a New York : |b Springer-Verlag, |c 1975. | ||
| 300 | |a x, 310 p. : |b 112 il. ; |c 24 cm. | ||
| 440 | 0 | |a Topics in applied physics ; |v v. 4 | |
| 504 | |a Bibliografía: p. 297-301. | ||
| 500 | |a Incluye índices. | ||
| 020 | |a 038707094X | ||
| 100 | 1 | |a Gomer, R. |q (Robert), |e ed. |4 edt | |
| 700 | 1 | |a Bauer, E. |q (Ernst), |d 1928-, |e ed. |4 edt | |
| 082 | 0 | 0 | |a 541/.3453 |
| 650 | 4 | |a Química de superficies |x Metales. | |
| 650 | 4 | |a Metales |x Superficies. | |
| 650 | 0 | |a Metals |x Surfaces. | |
| 650 | 4 | |a Surface chemistry |x Metals. | |
| 010 | |a 75001281 | ||
| 040 | |a DLC |c DLC |d AR-BbSID | ||
| 859 | |a AR-BbSID |b BIB. PLAPIQUI |h 541.345 3 |i In 8 |p 1644 | ||
